[Event "2017 Standard Chess Dropout Tournament, Round 1"]
[Site "SchemingMind.com"]
[Date "2016.11.28"]
[Round "1"]
[White "Uzi Mike"]
[Black "white bishop"]
[Result "1/2-1/2"]
[WhiteCountry "USA"]
[BlackCountry "PHI"]
[WhiteElo "2096"]
[WhiteRD "98"]
[BlackElo "2148"]
[BlackRD "134"]
[GameID "407046"]

1. d4 Nf6 2. Nf3 g6 3. c4 Bg7 4. Nc3 d6 5. e4 O-O 6. Be2 e5 7. O-O Nc6 8. d5 Ne7 9. Qb3 a6 10. Be3 b6
11. a4 a5 12. Qc2 Nh5 13. Rfc1 Bd7 14. Ra3 h6 15. Qd2 Kh7 16. Qc2 Nf4 17. Bxf4 exf4 18. Nb5 f5 19. Bd3 fxe4 20. Bxe4 Nf5
21. b3 Re8 22. Ra2 Rc8 23. Re1 Kg8 24. Qd3 Nh4 25. Nxh4 Qxh4 26. Rd1 g5 27. Bf5 Bxf5 28. Qxf5 Rf8 29. Qd7 f3 30. g3 Qh5
31. h3 Qf7 32. Qxf7+ Kxf7 33. Rad2 h5 34. Rd3 g4 35. Re1 Be5 36. Re4 Rg8 37. Rde3 Kf6 38. Na7 Ra8 39. Nc6 Rae8 40. Re1=
1/2-1/2

[Event "2017 Standard Chess Dropout Tournament, Round 1"]
[Site "SchemingMind.com"]
[Date "2016.11.26"]
[Round "1"]
[White "white bishop"]
[Black "Ingemar Assarsjö"]
[Result "1-0"]
[WhiteCountry "PHI"]
[BlackCountry "SWE"]
[WhiteElo "2143"]
[WhiteRD "131"]
[BlackElo "1879"]
[BlackRD "160"]
[GameID "407047"]

1. e4 e5 2. Nf3 Nc6 3. d4 exd4 4. Nxd4 Nf6 5. Nxc6 bxc6 6. e5 Qe7 7. Qe2 Nd5 8. c4 Nb6 9. b3 Qe6 10. Bb2 Bc5
11. Qh5 O-O 12. Be2 Bb4+ 13. Nc3 d6 14. Rd1 Re8 15. O-O Qxe5 16. Rc1 Bxc3 17. Bxc3 Qxh5 18. Bxh5 Ba6 19. Rfe1 d5 20. Bf3 Rad8
21. cxd5 cxd5 22. Rxe8+ Rxe8 23. Bd2 d4 24. Rxc7 Nc8 25. Rd7 d3 26. a4 h6 27. Bb4 f6 28. Bh5 g6 29. Bxg6 Re2 30. h4 Ne7
31. Bh5 Nc6 32. Bxe2 dxe2 33. Bc3 Ne5 34. Rxa7 Bd3 35. f3 Bc2 36. b4 Nd3 37. Ra8+ Kf7 38. a5 e1=Q+ 39. Bxe1 Nxe1 40. b5 Ba4
41. Rb8 Nd3 42. a6 Bb3 43. Rd8
1-0

[Event "2017 Standard Chess Dropout Tournament, Round 1"]
[Site "SchemingMind.com"]
[Date "2016.11.30"]
[Round "1"]
[White "Wojciech  Langer"]
[Black "lawyertheologian"]
[Result "1/2-1/2"]
[WhiteCountry "INT"]
[BlackCountry "USA"]
[WhiteElo "1746"]
[WhiteRD "89"]
[BlackElo "2045"]
[BlackRD "94"]
[GameID "407048"]

1. Nf3 f5 2. d4 Nf6 3. g3 g6 4. Bg2 Bg7 5. O-O O-O 6. c4 d6 7. Nc3 c6 8. b3 e5 9. dxe5 Ng4 10. Qc2 Nxe5
11. Nxe5 dxe5 12. Ba3 Rf7 13. Rad1 Qa5 14. Bd6 e4 15. b4 Qa6 16. Na4 b5 17. Nc5 Qb6 18. a4 bxc4 19. Qxc4 Na6 20. Rb1 Nxc5
21. Bxc5 Qa6 22. b5 cxb5 23. axb5 Qe6 24. Qb4 Bb7 25. Rfd1 Rd7 26. e3 Bd5 27. Bf1 Kh8 28. Bd4 Rad8 29. Be2 Qe7 30. Qxe7 Rxe7
31. Bxg7+ Kxg7 32. h4 Kf6 33. b6 axb6 34. Rxb6+ Ke5 35. Rdb1 Rc7 36. Rb8 Rxb8 37. Rxb8 Rc2 38. Ba6 h6 39. Re8+ Kf6 40. Rf8+ Kg7
41. Rb8 g5 42. Rb6 Rc1+ 43. Kg2 f4 44. gxf4 gxf4 45. Bb7 fxe3 46. fxe3 Bxb7 47. Rxb7+ Kg6 48. Rb5 Re1 49. Kf2 Rh1 50. Rb6+ Kh5
51. Rb5+ Kxh4 52. Rb4 Rh2+ 53. Kg1 Kg3 54. Rxe4 Ra2 55. Kf1 Kf3 56. Rf4+ Kxe3 57. Rf5 Ke4 58. Rh5 Ra6 59. Kf2 Kf4 60. Rb5 Rg6
61. Rb4+ Kg5 62. Kg3 Kh5+ 63. Kh3 Ra6 64. Rb5+ Kg6 65. Kh4 Ra4+ 66. Kh3 Ra3+ 67. Kh4 Ra1 68. Rb6+ Kf5 69. Rb5+ Ke4 70. Kh5 Rh1+
71. Kg6 Kf4 72. Rh5 Rxh5=
1/2-1/2

[Event "2017 Standard Chess Dropout Tournament, Round 1"]
[Site "SchemingMind.com"]
[Date "2016.11.27"]
[Round "1"]
[White "Wojtek26"]
[Black "Goz"]
[Result "0-1"]
[WhiteCountry "POL"]
[BlackCountry "ENG"]
[WhiteElo "1536"]
[WhiteRD "48"]
[BlackElo "1423"]
[BlackRD "79"]
[GameID "407049"]

1. e4 e5 2. Nf3 d6 3. Bc4 h6 4. h3 Nf6 5. Nc3 c6 6. d4 exd4 7. Nxd4 Nbd7 8. O-O Nb6 9. Be2 Be7 10. Be3 O-O
11. Nf5 Bxf5 12. exf5 d5 13. Bxb6 axb6 14. a3 Ne8 15. Bg4 Nf6 16. Re1 Nxg4 17. Qxg4 b5 18. Re2 b4 19. Nb1 c5 20. a4 Ra5
21. b3 Bf6 22. Ra2 d4 23. Nd2 b5 24. Ne4 c4 25. Nxf6+ Qxf6 26. Rd2 Rd8 27. Qe4 bxa4 28. g4 cxb3 29. cxb3 a3 30. Kg2 Rad5
31. Rd3 Re5 32. Qb7 Re1 33. Qxb4 Qc6+ 34. f3 Qc1 35. f4 Rg1+ 36. Kf3 Qf1+ 37. Ke4 Re8+ 38. Kxd4 Qxf4+ 39. Kc3 Rc8+
0-1

[Event "2017 Standard Chess Dropout Tournament, Round 2"]
[Site "SchemingMind.com"]
[Date "2017.05.06"]
[Round "2"]
[White "Aba"]
[Black "Helga1946"]
[Result "0-1"]
[WhiteCountry "ISR"]
[BlackCountry "GER"]
[WhiteElo "1801"]
[WhiteRD "75"]
[BlackElo "2192"]
[BlackRD "74"]
[GameID "413446"]

1. e4 e5 2. Nf3 Nc6 3. Bb5 Nf6 4. d3 Bc5 5. Nc3 O-O 6. h3 Nd4 7. a3 d5 8. Nxe5 Qe7 9. Nf3 Nxb5 10. Nxb5 dxe4
11. dxe4 Qxe4+ 12. Qe2 Qxe2+ 13. Kxe2 Bd7 14. Nxc7 Rac8 15. Bf4 Bc6 16. Rhd1 Bb6
0-1

[Event "2017 Standard Chess Dropout Tournament, Round 2"]
[Site "SchemingMind.com"]
[Date "2017.05.01"]
[Round "2"]
[White "Abacist"]
[Black "thefriediceman"]
[Result "1/2-1/2"]
[WhiteCountry "USA"]
[BlackCountry "USA"]
[WhiteElo "1519"]
[WhiteRD "201"]
[BlackElo "1942"]
[BlackRD "115"]
[GameID "413447"]

1. e4 e5 2. Nf3 Nc6 3. Nc3 Nf6 4. d4 exd4 5. Nxd4 Bb4 6. Nxc6 bxc6 7. Bd2 O-O 8. Bd3 Re8 9. f3 d5 10. O-O dxe4
11. Nxe4 Qd4+ 12. Nf2 Bxd2 13. Qxd2 Qxb2 14. Bc4 a5 15. Rab1 Qa3 16. Rfe1 Bf5 17. g4 Bg6 18. h4 h5 19. g5 Nh7 20. Rxe8+ Rxe8
21. Qd7 Rf8 22. Qxc6 Qd6 23. Qxd6 cxd6 24. Bd3 Bxd3 25. cxd3 Re8 26. Rb5 Re5 27. a4 Nf8 28. Ne4 Nd7 29. Nxd6 Re3 30. Rxa5 Rxd3
31. Ra8+ Kh7 32. Nxf7 Rxf3 33. Nd6 Rf4 34. a5 Rxh4 35. a6 Rg4+ 36. Kf2 Rxg5 37. a7 Ra5 38. Nc8 Rb5=
1/2-1/2

[Event "2017 Standard Chess Dropout Tournament, Round 2"]
[Site "SchemingMind.com"]
[Date "2017.05.03"]
[Round "2"]
[White "Abstract Actuary"]
[Black "private napoleon"]
[Result "0-1"]
[WhiteCountry "USA"]
[BlackCountry "ENG"]
[WhiteElo "1810"]
[WhiteRD "70"]
[BlackElo "1747"]
[BlackRD "92"]
[GameID "413448"]

1. e4 e5 2. Nf3 Nc6 3. c3 d6 4. d4 Bg4 5. Bb5 a6 6. Bxc6+ bxc6 7. dxe5 Bxf3 8. Qxf3 dxe5 9. O-O Qf6 10. Qe2 Bd6
11. Be3 Ne7 12. Nd2 O-O 13. Rad1 Rfb8 14. Nc4 Rd8 15. Rd2 h6 16. Rfd1 Nc8 17. Qh5 Ne7 18. f3 Ng6 19. Na5 Be7 20. Rxd8+ Rxd8
21. Rxd8+ Bxd8 22. Nb7 Be7 23. Nc5 Bxc5 24. Bxc5 Qf4 25. Ba3 Qe3+ 26. Kf1 Nf4
0-1

[Event "2017 Standard Chess Dropout Tournament, Round 2"]
[Site "SchemingMind.com"]
[Date "2017.05.06"]
[Round "2"]
[White "Henk Miedema"]
[Black "DANDYLIONHONEYBADGER"]
[Result "0-1"]
[WhiteCountry "NED"]
[BlackCountry "USA"]
[WhiteElo "968"]
[WhiteRD "65"]
[BlackElo "1282"]
[BlackRD "96"]
[GameID "413450"]

1. d4 Nf6 2. Nf3 Nc6 3. e3 a6 4. c4 d5 5. Nc3 Ne4 6. Qe2 Nxc3 7. bxc3 Be6 8. Qd3 h6 9. Qd2 dxc4 10. Be2 g5
11. O-O Bg7 12. Ba3 Qd7 13. Bb4 Nxb4 14. cxb4 b5 15. Qc2 Bf5 16. Qd1 c3 17. Bd3 Bh3 18. Ne1 Qc6 19. gxh3 O-O-O 20. Bf5+ e6
21. Bc2 f5 22. Nd3 h5 23. Nc1 g4 24. hxg4 hxg4 25. a3 Rh3 26. Bb3 Rdh8 27. Nd3 Rxh2
0-1

[Event "2017 Standard Chess Dropout Tournament, Round 2"]
[Site "SchemingMind.com"]
[Date "2017.05.06"]
[Round "2"]
[White "Andreas Flato"]
[Black "Aba"]
[Result "1-0"]
[WhiteCountry "GER"]
[BlackCountry "ISR"]
[WhiteElo "1809"]
[WhiteRD "120"]
[BlackElo "1760"]
[BlackRD "74"]
[GameID "413451"]

1. e4 c5 2. a3 e6 3. Nf3 Nf6 4. e5 Nd5 5. c4 Nb6 6. d4 cxd4 7. Qxd4 Nc6 8. Qc3 h6 9. b4 a6 10. Be3 f6
11. Bxb6 Qxb6 12. exf6 gxf6 13. Qxf6 Rg8 14. Bd3 Ne7 15. c5 Qc6 16. Qf4 Nd5 17. Qh4 d6 18. Nd4 Qd7 19. O-O Qg7 20. g3 Be7
21. Qe4 dxc5 22. Nxe6 Qxa1 23. Qxd5 Bxe6 24. Qxe6 Qg7 25. bxc5 Rd8 26. Be4 Qf7 27. Qb6 Rd7 28. c6 Rd6 29. Qxb7 Bd8 30. Qxa6 Bc7
31. Nc3 Rd4 32. Nb5 Rxe4 33. Qc8+ Bd8 34. Nd6+
1-0

[Event "2017 Standard Chess Dropout Tournament, Round 2"]
[Site "SchemingMind.com"]
[Date "2017.05.04"]
[Round "2"]
[White "ampp"]
[Black "Apatchenlama"]
[Result "0-1"]
[WhiteCountry "POR"]
[BlackCountry "GER"]
[WhiteElo "1450"]
[WhiteRD "81"]
[BlackElo "2016"]
[BlackRD "81"]
[GameID "413452"]

1. e4 e6 2. d4 d5 3. Nd2 c5 4. c3 cxd4 5. cxd4 dxe4 6. Nxe4 Nf6 7. Bg5 Bb4+ 8. Nd2 Qxd4 9. Bb5+ Bd7 10. Bxd7+ Nbxd7
11. a3 Be7 12. Ne2 Qg4 13. Bxf6 Bxf6 14. O-O O-O 15. Rb1 Rfd8 16. h3 Qf5 17. Ng3 Qb5 18. a4 Qb4 19. b3 Nc5 20. Rb2 Bxb2
21. Qc2 Rxd2 22. Qc4 Qxc4
0-1

[Event "2017 Standard Chess Dropout Tournament, Round 2"]
[Site "SchemingMind.com"]
[Date "2017.05.01"]
[Round "2"]
[White "Apatchenlama"]
[Black "FransEvers"]
[Result "1/2-1/2"]
[WhiteCountry "GER"]
[BlackCountry "NED"]
[WhiteElo "2009"]
[WhiteRD "91"]
[BlackElo "1889"]
[BlackRD "116"]
[GameID "413453"]

1. d4 Nf6 2. c4 e6 3. g3 c5 4. d5 exd5 5. cxd5 d6 6. Bg2 g6 7. Nc3 Bg7 8. Nf3 O-O 9. O-O a6 10. a4 Nbd7
11. Bf4 Qe7 12. Nd2 Ne5 13. h3 Rb8 14. Bxe5 Qxe5 15. Nc4 Qe7 16. a5 Nd7 17. Ne4 b5 18. axb6 Nxb6 19. Nexd6 Nxc4 20. Nxc4 Bxb2
21. Rb1 Qf6 22. Qa4 Rb4 23. Qc2 Bd4 24. e3 Rxb1 25. Rxb1 Bc3 26. Rb6 Qg7 27. Nd6 Bb4 28. Rc6 Qa1+ 29. Kh2 Bd7 30. Rc7 Bb5
31. Ne4 c4 32. d6 Rd8 33. Ng5 Rxd6 34. Rxf7 Qe5 35. f4 Qxe3 36. Rxh7 Qd3 37. Qf2 Rd7 38. Rh6 c3 39. Qb6 Bd6 40. Be4 Qe2+
41. Kh1 Qf1+ 42. Kh2 Qe2+ 43. Kh1=
1/2-1/2

[Event "2017 Standard Chess Dropout Tournament, Round 2"]
[Site "SchemingMind.com"]
[Date "2017.05.06"]
[Round "2"]
[White "Apocalypse"]
[Black "Dan Geana"]
[Result "1/2-1/2"]
[WhiteCountry "USA"]
[BlackCountry "ROU"]
[WhiteElo "2433"]
[WhiteRD "92"]
[BlackElo "2540"]
[BlackRD "114"]
[GameID "413454"]

1. d4 Nf6 2. Nf3 e6 3. e3 b6 4. Bd3 Bb7 5. O-O c5 6. b3 Be7 7. Bb2 O-O 8. c4 cxd4 9. Nxd4 d5 10. Qe2 a6
11. Rd1 dxc4 12. Bxc4 Nbd7 13. a4 Bc5 14. Nf3 Qe7 15. Nbd2 Rfd8 16. Ne1 Bd6 17. Nd3 Nc5 18. Nxc5 Bxc5 19. h3 a5 20. Rac1 h6
21. Bd3 Rd7 22. Nc4 Rad8 23. Bb1 Rxd1+ 24. Rxd1 Rxd1+ 25. Qxd1 Qd7 26. Qd3 Qxd3 27. Bxd3 Kf8 28. Kf1 Nd5 29. g3 f6 30. h4 Nb4
31. Ke2 e5 32. Bg6 Ke7 33. Bf5 Kf7 34. g4=
1/2-1/2

[Event "2017 Standard Chess Dropout Tournament, Round 2"]
[Site "SchemingMind.com"]
[Date "2017.05.01"]
[Round "2"]
[White "bartleby en passant"]
[Black "Ragged Rook"]
[Result "0-1"]
[WhiteCountry "IRL"]
[BlackCountry "ENG"]
[WhiteElo "1667"]
[WhiteRD "78"]
[BlackElo "1904"]
[BlackRD "92"]
[GameID "413455"]

1. d4 g6 2. e4 Bg7 3. Nf3 d6 4. h3 a6 5. Bc4 e6 6. Bg5 Ne7 7. Nc3 h6 8. Bh4 Nd7 9. O-O b5 10. Bb3 Nb6
11. a3 Bb7 12. Bxe7 Qxe7 13. d5 e5 14. Na2 f5 15. Re1 a5 16. c3 f4 17. Qd3 Ba6 18. Qd2 O-O 19. Bc2 g5 20. b4 Rf6
21. Bd3 Rg6 22. bxa5 Nc4 23. Bxc4 bxc4 24. Nb4 g4 25. hxg4 Bc8 26. Nc6 Qf6 27. Nh2 Bxg4 28. Nxg4 Rxg4 29. f3 Rg6 30. Kf2 Qh4+
31. Kf1 Qh1+
0-1

[Event "2017 Standard Chess Dropout Tournament, Round 2"]
[Site "SchemingMind.com"]
[Date "2017.05.06"]
[Round "2"]
[White "bmariusz"]
[Black "Andreas Flato"]
[Result "1-0"]
[WhiteCountry "POL"]
[BlackCountry "GER"]
[WhiteElo "1463"]
[WhiteRD "84"]
[BlackElo "1809"]
[BlackRD "120"]
[GameID "413456"]

1. e4 e5 2. Nf3 d6 3. Nc3 Be7 4. Bc4 Nf6 5. Ng5 O-O 6. Bxf7+ Rxf7 7. Nxf7 Kxf7 8. O-O Nc6 9. Nd5 Nxe4 10. Qf3+ Nf6
11. d3 Be6 12. Nxf6 Bxf6 13. Qh5+ Kg8 14. Be3 g6 15. Qf3 Bg5 16. a4 Bxe3 17. fxe3 Qg5 18. Rf2 Re8 19. b4 d5 20. b5 Nd8
21. c4 c6 22. bxc6 bxc6 23. cxd5 Bxd5 24. e4 Be6 25. Raf1 c5 26. Rc2 Bb3 27. Rxc5 Bxa4 28. Ra5 Bb3 29. d4 Be6 30. Rxe5 Qh6
31. d5 Bd7 32. Rxe8+ Bxe8 33. d6 Qg7 34. Qb3+ Bf7 35. Qb8 Qd4+ 36. Kh1 Qb6 37. Rb1 Qa5 38. Qc7 Qg5 39. Rb8 Qf4 40. Qxd8+ Kg7
41. Qf8+ Kf6 42. Rb1 Qxe4 43. Rf1+
1-0

[Event "2017 Standard Chess Dropout Tournament, Round 2"]
[Site "SchemingMind.com"]
[Date "2017.05.06"]
[Round "2"]
[White "Mike Winslow"]
[Black "PION4290"]
[Result "1-0"]
[WhiteCountry "USA"]
[BlackCountry "CAN"]
[WhiteElo "1922"]
[WhiteRD "93"]
[BlackElo "1661"]
[BlackRD "81"]
[GameID "413457"]

1. d4 Nf6 2. c4 e6 3. g3 c6 4. Bg2 Be7 5. Nc3 O-O 6. e4 d5 7. cxd5 Bb4 8. dxc6 Nxc6 9. Ne2 Re8 10. O-O Bxc3
11. bxc3 Qc7 12. e5 Nd7 13. Ba3 Qa5 14. Qb3 Qa6 15. c4 Nb6 16. Bxc6 bxc6 17. Rfc1 Bd7 18. Rab1 Bc8 19. Nf4 Bd7 20. Nd3 Qa4
21. Bd6 Qxb3 22. Rxb3 Nc8 23. Rb7 Nxd6 24. exd6 Red8 25. c5 Bc8 26. Rc7 Ba6 27. Nb4 Bb5 28. Nxc6 Bxc6 29. Rxc6 Rab8 30. Rc7 a5
31. d7 Kf8 32. c6 Ke7 33. Ra7 Ra8 34. c7 Rxa7 35. c8=Q Raxd7 36. Qc5+ Ke8 37. Rc4 f5 38. Qe5 Kf7 39. Rc7 g6 40. Rxd7+ Rxd7
41. Qh8 Ke7 42. Qxh7+ Kd6 43. Qxg6 a4 44. h4 Rc7 45. h5 Rc4 46. h6
1-0

[Event "2017 Standard Chess Dropout Tournament, Round 2"]
[Site "SchemingMind.com"]
[Date "2017.05.02"]
[Round "2"]
[White "Brian Pott"]
[Black "George Dimitrov"]
[Result "1/2-1/2"]
[WhiteCountry "AUS"]
[BlackCountry "BUL"]
[WhiteElo "2368"]
[WhiteRD "88"]
[BlackElo "2306"]
[BlackRD "93"]
[GameID "413458"]

1. e4 e5 2. Nf3 Nc6 3. Bb5 a6 4. Ba4 Nf6 5. O-O Nxe4 6. d4 b5 7. Bb3 d5 8. dxe5 Be6 9. Nbd2 Nc5 10. c3 d4
11. Bxe6 Nxe6 12. cxd4 Ncxd4 13. a4 Bc5 14. Ne4 Bb6 15. Nfg5 Qd7 16. axb5 Qxb5 17. Qh5 Nxg5 18. Bxg5 Qc6 19. Rfe1 Qg6 20. Qxg6 hxg6
21. Ra4 O-O 22. Kf1 Rfe8 23. f4 Re6 24. Nc3 c6 25. Bh4 Nc2 26. Ree4 Ne3+ 27. Ke2 Nxg2 28. Bg3 f5 29. exf6 Rxe4+ 30. Rxe4 gxf6
31. Re6 Bd4 32. Rxc6 Ne3 33. Bh4 Ng2 34. Bxf6 Bxf6 35. Rxf6 Kg7 36. Rb6 Nxf4+ 37. Ke3=
1/2-1/2

[Event "2017 Standard Chess Dropout Tournament, Round 2"]
[Site "SchemingMind.com"]
[Date "2017.05.06"]
[Round "2"]
[White "Ingemar Assarsjö"]
[Black "pnwmusichound"]
[Result "1-0"]
[WhiteCountry "SWE"]
[BlackCountry "USA"]
[WhiteElo "2022"]
[WhiteRD "139"]
[BlackElo "1921"]
[BlackRD "88"]
[GameID "413459"]

1. e4 e5 2. Nf3 Nf6 3. Nxe5 d6 4. Nf3 Nxe4 5. d4 d5 6. Bd3 Bd6 7. c4 c6 8. O-O O-O 9. Nc3 Nxc3 10. bxc3 Bg4
11. cxd5 cxd5 12. Rb1 b6 13. h3 Bh5 14. Rb5 Bc7 15. Bxh7+ Kxh7 16. Ng5+ Kg6 17. g4 Qd6 18. f4 Rh8 19. gxh5+ Rxh5 20. Nxf7 Qd7
21. f5+ Rxf5 22. Qg4+ Kf6 23. Bg5+ Kxf7 24. Rxf5+ Kg8 25. Rbxd5
1-0

[Event "2017 Standard Chess Dropout Tournament, Round 2"]
[Site "SchemingMind.com"]
[Date "2017.05.01"]
[Round "2"]
[White "Robert Bruce"]
[Black "Ingemar Assarsjö"]
[Result "1-0"]
[WhiteCountry "SCO"]
[BlackCountry "SWE"]
[WhiteElo "2353"]
[WhiteRD "75"]
[BlackElo "1887"]
[BlackRD "127"]
[GameID "413460"]

1. d4 Nf6 2. Nf3 g6 3. Bg5 Bg7 4. Nbd2 O-O 5. c3 d6 6. e4 c5 7. dxc5 dxc5 8. Bc4 a6 9. a4 Nc6 10. O-O Qc7
11. h3 Ne5 12. Nxe5 Qxe5 13. f4 Qc7 14. e5 Ne8 15. b3 Qc6 16. Bxe7 Nc7 17. Bxf8 Bxf8 18. Qf3 Bd7 19. Ne4 Be7 20. Rad1 b5
21. f5 bxc4 22. fxg6 cxb3 23. Qxf7+
1-0

[Event "2017 Standard Chess Dropout Tournament, Round 2"]
[Site "SchemingMind.com"]
[Date "2017.05.06"]
[Round "2"]
[White "Brennan Price"]
[Black "Alessandro Dotti Contra"]
[Result "0-1"]
[WhiteCountry "USA"]
[BlackCountry "ITA"]
[WhiteElo "2070"]
[WhiteRD "102"]
[BlackElo "2256"]
[BlackRD "104"]
[GameID "413461"]

1. e4 e6 2. d4 d5 3. Nc3 Bb4 4. e5 Ne7 5. a3 Bxc3+ 6. bxc3 O-O 7. Bd3 Nbc6 8. Nf3 Nf5 9. h4 f6 10. h5 fxe5
11. dxe5 Qe7 12. h6 Qc5 13. hxg7 Rf7 14. Kf1 Rxg7 15. Rh5 Bd7 16. Bxf5 exf5 17. Qd2 f4 18. Qxf4 Qxc3 19. Rg5 Qc4+ 20. Qxc4 dxc4
21. Rxg7+ Kxg7 22. Bb2 Kg6 23. Ke2 Bg4
0-1

[Event "2017 Standard Chess Dropout Tournament, Round 2"]
[Site "SchemingMind.com"]
[Date "2017.05.06"]
[Round "2"]
[White "Buckaroo Bob"]
[Black "Jari Laine"]
[Result "0-1"]
[WhiteCountry "USA"]
[BlackCountry "FIN"]
[WhiteElo "2219"]
[WhiteRD "104"]
[BlackElo "2404"]
[BlackRD "76"]
[GameID "413462"]

1. Nf3 c5 2. c4 Nc6 3. d4 cxd4 4. Nxd4 e6 5. Nc3 Bc5 6. Nb3 Bb4 7. Bd2 Nf6 8. a3 Be7 9. e4 O-O 10. Be3 b6
11. f4 Bb7 12. Be2 d6 13. O-O Rc8 14. Kh1 Qc7 15. Qe1 a6 16. Qg3 Nd7 17. f5 Bf6
0-1

[Event "2017 Standard Chess Dropout Tournament, Round 2"]
[Site "SchemingMind.com"]
[Date "2017.05.02"]
[Round "2"]
[White "chesshub"]
[Black "michel"]
[Result "1-0"]
[WhiteCountry "FRA"]
[BlackCountry "CAN"]
[WhiteElo "2638"]
[WhiteRD "81"]
[BlackElo "2344"]
[BlackRD "72"]
[GameID "413463"]

1. e4 d6 2. d4 Nf6 3. Bd3 e5 4. c3 d5 5. dxe5 Nxe4 6. Nf3 Nc6 7. Nbd2 Nc5 8. Bb1 Bg4 9. O-O Be7 10. b4 Ne6
11. Qa4 Bh5 12. b5 Nb8 13. Nd4 Nc5 14. Qb4 Nbd7 15. Nf5 Ne6 16. Nxe7 Qxe7 17. f4 Qxb4 18. cxb4 Nd4 19. a4 Nb6 20. h3
1-0

[Event "2017 Standard Chess Dropout Tournament, Round 2"]
[Site "SchemingMind.com"]
[Date "2017.05.06"]
[Round "2"]
[White "DANDYLIONHONEYBADGER"]
[Black "dode"]
[Result "1-0"]
[WhiteCountry "USA"]
[BlackCountry "SCO"]
[WhiteElo "1269"]
[WhiteRD "81"]
[BlackElo "881"]
[BlackRD "108"]
[GameID "413464"]

1. Nc3 Nf6 2. f3 c6 3. e3 d5 4. d4 e6 5. a3 Nbd7 6. g4 Nb6 7. b3 Bd6 8. Bh3 h5 9. g5 Nfd7 10. e4 a5
11. f4 Bxf4 12. Bxf4 g6 13. Nf3 e5 14. dxe5 Rf8 15. exd5 Nxd5 16. Nxd5 cxd5 17. Qxd5 Qb6 18. Rd1 f5 19. e6 Nc5 20. Bd6 Bxe6
21. Qe5 Rd8 22. Bxc5 Qc6 23. Rxd8+ Kxd8 24. Bxf8 Kd7 25. Qg7+ Kc8 26. O-O Qb6+ 27. Nd4 f4 28. Bxe6+ Kb8 29. Qe5+ Ka7 30. Bc5 Qxc5
31. Qxc5+ b6 32. Qc7+ Ka6 33. Qc8+ Ka7 34. Nc6#
1-0

[Event "2017 Standard Chess Dropout Tournament, Round 2"]
[Site "SchemingMind.com"]
[Date "2017.05.02"]
[Round "2"]
[White "Diadoco"]
[Black "Johnny Owens"]
[Result "1-0"]
[WhiteCountry "MEX"]
[BlackCountry "USA"]
[WhiteElo "1986"]
[WhiteRD "94"]
[BlackElo "1707"]
[BlackRD "88"]
[GameID "413465"]

1. e4 c6 2. d4 d5 3. exd5 cxd5 4. c4 Nf6 5. Nc3 Nc6 6. Bg5 Be6 7. a3 g6 8. Bxf6 exf6 9. cxd5 Bxd5 10. Qe2+ Ne7
11. Nxd5 Qxd5 12. Qb5+ Qd7 13. Qxd7+ Kxd7 14. Bc4 Nf5 15. Bxf7 Ke7 16. Bd5 Rd8 17. Bxb7 Nxd4 18. O-O-O Nb3+ 19. Kc2 Rxd1 20. Kxd1 Bg7
21. Ne2 f5 22. Re1
1-0

[Event "2017 Standard Chess Dropout Tournament, Round 2"]
[Site "SchemingMind.com"]
[Date "2017.05.01"]
[Round "2"]
[White "dode"]
[Black "Dom P"]
[Result "0-1"]
[WhiteCountry "SCO"]
[BlackCountry "ENG"]
[WhiteElo "1014"]
[WhiteRD "103"]
[BlackElo "1526"]
[BlackRD "97"]
[GameID "413466"]

1. d4 Nf6 2. Nf3 d6 3. Nc3 Nbd7 4. e4 b6 5. Bf4 c5 6. a4 Bb7 7. Qd3 d5 8. b3 dxe4 9. Qc4 exf3 10. gxf3 Bxf3
11. Rg1 Rc8 12. Rg3 cxd4 13. Qxd4 Bh5 14. Bh3 e6 15. Rd1 Bxd1 16. Kxd1 a5 17. Nb5 Bc5 18. Qc4 Ne5+ 19. Bd2 Nxc4 20. Rxg7 Qxd2#
0-1

[Event "2017 Standard Chess Dropout Tournament, Round 2"]
[Site "SchemingMind.com"]
[Date "2017.05.02"]
[Round "2"]
[White "Dom P"]
[Black "James Reed"]
[Result "1-0"]
[WhiteCountry "ENG"]
[BlackCountry "ENG"]
[WhiteElo "1526"]
[WhiteRD "97"]
[BlackElo "1320"]
[BlackRD "83"]
[GameID "413467"]

1. e4 c5 2. g3 g6 3. Nc3 Nc6 4. Nf3 Bg7 5. Bg2 d6 6. O-O Bg4 7. Nd5 e6 8. Ne3 Nf6 9. c3 Ne5 10. d4 Nxf3+
11. Bxf3 Bxf3 12. Qxf3 O-O 13. Rd1 Qc7 14. Rb1 b6 15. b4 c4 16. b5 Rfe8 17. d5 exd5 18. exd5 Ne4 19. Re1 Nxc3 20. Rb2 Nxd5
21. Qxd5 Bxb2 22. Bxb2 c3 23. Ba1 c2 24. Qd4 f6 25. Qxf6 Re5 26. Rc1 Qg7 27. Qxd6 Rae8 28. Rxc2 R5e6 29. Bxg7 Rxd6 30. Bh6 Rdd8
31. Rc7 a5 32. Ng4 Rc8 33. Nf6+ Kh8 34. Bg7#
1-0

[Event "2017 Standard Chess Dropout Tournament, Round 2"]
[Site "SchemingMind.com"]
[Date "2017.05.02"]
[Round "2"]
[White "echecs"]
[Black "Holty"]
[Result "0-1"]
[WhiteCountry "ENG"]
[BlackCountry "ENG"]
[WhiteElo "1873"]
[WhiteRD "72"]
[BlackElo "1757"]
[BlackRD "62"]
[GameID "413468"]

1. e4 e6 2. d4 d5 3. e5 c5 4. c3 Nc6 5. Nf3 Bd7 6. Be2 Nge7 7. Bg5 cxd4 8. cxd4 Qb6 9. b3 Nf5 10. Be3 Bb4+
11. Nbd2 Ncxd4 12. Nxd4 Nxd4 13. O-O O-O 14. Bg4 Rac8 15. a3 Bxd2 16. Qxd2 Nxb3 17. Bxb6 Nxd2 18. Rfd1 Nf3+ 19. Bxf3 axb6 20. Rdb1 b5
21. h3 Rc5 22. a4 Rd8 23. Be2 bxa4 24. Rxb7 Be8 25. f4 d4 26. Bd3 Rc3
0-1

[Event "2017 Standard Chess Dropout Tournament, Round 2"]
[Site "SchemingMind.com"]
[Date "2017.05.03"]
[Round "2"]
[White "Ed Mason"]
[Black "klapa"]
[Result "1-0"]
[WhiteCountry "WLS"]
[BlackCountry "POL"]
[WhiteElo "1740"]
[WhiteRD "97"]
[BlackElo "1494"]
[BlackRD "75"]
[GameID "413469"]

1. e4 e5 2. Nf3 Bd6 3. d4 Nc6 4. d5 Nb4 5. a3 Nf6 6. axb4 Bxb4+ 7. c3 Bc5 8. Bg5 h6 9. Bh4 g5 10. Bg3 Nxe4
11. Nbd2 f5 12. Nxe4 fxe4 13. Nxe5 Qf6 14. Qh5+ Kf8 15. Ng6+ Kg8 16. Nxh8 Qxh8 17. Qe8+ Bf8 18. Bxc7 a6 19. Bc4 b5 20. Bb3 b4
21. d6+ Kh7 22. Qxe4+ Kg7 23. Qf5 h5 24. Qxg5+ Kh7 25. Bc2#
1-0

[Event "2017 Standard Chess Dropout Tournament, Round 2"]
[Site "SchemingMind.com"]
[Date "2017.05.06"]
[Round "2"]
[White "edg"]
[Black "bartleby en passant"]
[Result "1-0"]
[WhiteCountry "USA"]
[BlackCountry "IRL"]
[WhiteElo "1753"]
[WhiteRD "64"]
[BlackElo "1675"]
[BlackRD "84"]
[GameID "413470"]

1. b3 d5 2. Bb2 Nc6 3. e3 e5 4. Bb5 Bd7 5. Bxc6 Bxc6 6. Bxe5 Bd6 7. Bxg7 Qg5 8. Bxh8 Qxg2 9. Qf3 d4 10. Qxg2 Bxg2
11. Bxd4 Bxh1 12. f4 Be7 13. d3 Bh4+ 14. Kf1 Bc6 15. Nd2 a6 16. Ngf3 Bxf3 17. Nxf3 Be7 18. Bb2 O-O-O 19. Ke2 Nh6 20. Rg1 Rg8
21. Rg3 f5 22. Rxg8+ Nxg8 23. Bg7 Kd7 24. Nd4 h5 25. Nxf5 Bd8 26. e4
1-0